| 000 | 00370nam a22001457a 4500 | ||
|---|---|---|---|
| 005 | 20250923120024.0 | ||
| 008 | 250923b |||||||| |||| 00| 0 eng d | ||
| 020 | _a9788174762146 | ||
| 050 |
_aPZ3 _bLAW |
||
| 100 | _aLAWRENCE D.H. | ||
| 245 | _aSONS AND LOVERS | ||
| 260 |
_aNEW DELHI _bUBS PUBLISHERS DISTRIBUTORS PVT, LTD _c2004 |
||
| 300 | _a490p | ||
| 942 |
_2lcc _cBK _n0 |
||
| 999 |
_c7638 _d7638 |
||